| 000 | 01797nam a2200493 a 4500 | ||
|---|---|---|---|
| 001 | 20707 | ||
| 003 | VRT | ||
| 005 | 20260130114357.0 | ||
| 008 | 240318s2005 xo g 010 f slo | ||
| 015 | _aSNBA2006/07-03942 | ||
| 020 |
_a8022013455 _q(viaz.) |
||
| 035 | _aB9E7AD06-4343-4691-952A-F0833E6EB827 | ||
| 035 | _aurn:nbn:sk:snk-amlcjh | ||
| 035 | _aurn:nbn:sk:snk-am0091cv | ||
| 039 | 9 |
_a202407241633 _bAUTHORITY _c202403181432 _dVLOAD _c202206141243 _dmsnk170 _c201810100758 _dmsvkbb04 |
|
| 040 |
_aSNK _bslo _cSNK _eAACR2 |
||
| 041 | 1 |
_aslo _heng |
|
| 044 |
_axo _cSK |
||
| 072 | 7 |
_a821.111(73)-3 _xAmerická próza _2konspekt |
|
| 080 |
_a821.111(73)-31 _22011 |
||
| 080 |
_a(0:82-312.4) _22011 |
||
| 100 | 1 |
_aMacDonald, Patricia J., _d1949- _4aut |
|
| 240 | 1 | 0 |
_aNot guilty _lSlovensky |
| 245 | 1 | 0 |
_aBez viny _cPatricia MacDonaldová ; [z anglického originálu ... preložila Anna Pokorná] |
| 250 | _a[1.] slov. vyd. | ||
| 260 |
_aBratislava _bSlovenský spisovateľ _cc 2005 |
||
| 300 |
_a320 s. _c21 cm |
||
| 490 | 1 | _aZelená knižnica | |
| 655 | 7 |
_aamerické romány _2SNKPH |
|
| 655 | 7 |
_adetektívne romány _2SNKPH |
|
| 655 | 7 |
_aAmerican novels _2SNKPHeng |
|
| 655 | 7 |
_aDetective novels _2SNKPHeng |
|
| 700 | 1 |
_aPokorná, Anna _c(prekladateľka) _4trl |
|
| 830 | 0 | _aZelená knižnica | |
| 910 | _abpksh | ||
| 942 |
_2ddc _cKLDO _n0 |
||
| 949 |
_64710700347 _astrmkB _bstrmk2008/347 |
||
| 949 |
_617A0493132 _asnkSC 121940 _bsnk2005/20974 _o2319/05 _s6100:20151208 |
||
| 949 |
_63869A00832 _abpksh821.111(73)-31 _bbpksh53912 |
||
| 949 |
_617A0494594 _asnkSC 121940 D1 _bsnk2006/1030 _o2319/05 |
||
| 949 |
_63869A06820 _abpksh821.111(73)-31 _bbpksh53155 |
||
| 949 |
_6270001000591897 _asvkbbA 155346 _bsvkbbm 779040 |
||
| 999 |
_c20707 _d20707 |
||